00442pab a2200145 454500008004000000100002500040245007600065260000900141300001200150362001200162650002300174650003400197650001800231773004700249180718b1995 xxu||||| |||| 00| 0 eng d aGhosh, Siddhartha K. aOrganisational environment for motivation - strategy for transformation c1995 ap.10-20 aJan-Mar aMotivation - India aOrganizational change - India aOrganizations aIndian Journal of Training and Development